[Event "Blitz Chess"]
[Site "SchemingMind.com"]
[Date "2009.02.07"]
[Round "-"]
[White "Brendan Joseph Birt"]
[Black "startstek"]
[Result "1-0"]
[WhiteCountry "USA"]
[BlackCountry "ALG"]
[WhiteElo "1810"]
[WhiteRD "80"]
[BlackElo "1862"]
[BlackRD "82"]
[GameID "191106"]

1. e4 c5 2. Nf3 e6 3. d4 cxd4 4. Nxd4 Nc6 5. Nc3 Qc7 6. Be3 a6 7. Qd2 Nf6 8. O-O-O Bb4 9. f3 Ne5 10. g4 h6
11. h4 b5 12. Be2 Bxc3 13. Qxc3 Qxc3 14. bxc3 Bb7 15. g5 hxg5 16. hxg5 Rxh1 17. Rxh1 Ng8 18. f4 Nc6 19. Nxc6 Bxc6 20. Bc5 Bxe4
21. Rh8 O-O-O 22. a4 Bc6 23. axb5 axb5 24. Rh7 d6 25. Bd4 Ne7 26. Rxg7 Rf8 27. Bh5 Be8 28. Bf6 Nf5 29. Rh7 d5 30. Kd2 Nd6
31. Be7 Ne4+ 32. Kd3 Rg8 33. Bxf7 Bxf7 34. Rxf7 Kd7 35. Bf6+ Kc6 36. Be5 Kb6 37. Rg7 Rxg7 38. Bxg7 Nf2+ 39. Ke3 Ng4+ 40. Kf3 Nh2+
41. Kg3 Nf1+ 42. Kh4 Kc6 43. Bd4 Kd7 44. Kh5 Ng3+ 45. Kh6 b4 46. g6 bxc3 47. Bxc3 Nf5+ 48. Kg5 Ke7 49. Bb4+ Ke8 50. Kf6 d4
51. Kxe6 Ne7 52. Bxe7 d3 53. g7
1-0

[Event "Blitz Chess"]
[Site "SchemingMind.com"]
[Date "2009.02.07"]
[Round "-"]
[White "startstek"]
[Black "Brendan Joseph Birt"]
[Result "1/2-1/2"]
[WhiteCountry "ALG"]
[BlackCountry "USA"]
[WhiteElo "1919"]
[WhiteRD "83"]
[BlackElo "1843"]
[BlackRD "82"]
[GameID "191107"]

1. e4 c5 2. Nf3 g6 3. d4 cxd4 4. Nxd4 Nc6 5. c4 Nf6 6. Nc3 d6 7. Be2 Nxd4 8. Qxd4 Bg7 9. Be3 O-O 10. Qd2 Be6
11. f3 Qa5 12. Rc1 Rfc8 13. b3 a6 14. Na4 Qxd2+ 15. Kxd2 Nd7 16. Nc3 Rc6 17. Nd5 Bxd5 18. cxd5 Rcc8 19. h4 Bb2 20. Rxc8+ Rxc8
21. Rb1 Bc3+ 22. Kd1 Bg7 23. Rc1 Rxc1+ 24. Kxc1 h5 25. Kc2 Kf8 26. a4 Ke8 27. a5 Kd8 28. b4 Kc7 29. Kb3 Bf6 30. Bf2 g5
31. hxg5 Bxg5 32. b5 axb5 33. Bxb5 Bd2 34. Ka4 f6 35. Bxd7 Kxd7 36. Bd4 Bg5 37. Kb5 h4 38. Bf2 Kc7 39. Be1 Kb8 40. Kb6 Kc8
41. Bf2 Kb8 42. a6=
1/2-1/2

[Event "Blitz Chess"]
[Site "SchemingMind.com"]
[Date "2009.02.07"]
[Round "-"]
[White "schakert"]
[Black "startstek"]
[Result "1/2-1/2"]
[WhiteCountry "NED"]
[BlackCountry "ALG"]
[WhiteElo "1721"]
[WhiteRD "60"]
[BlackElo "1919"]
[BlackRD "83"]
[GameID "191109"]

1. d4 Nf6 2. c4 e6 3. Nf3 d5 4. Bg5 c6 5. e3 Be7 6. Nc3 O-O 7. Bd3 Nbd7 8. O-O dxc4 9. Bxc4 Nd5 10. Bxe7 Qxe7
11. e4 N5b6 12. Bb3 e5 13. d5 Nc5 14. d6 Qf6 15. Bc2 Rd8 16. h3 Rxd6 17. Qe2 Be6 18. Rad1 Rad8 19. Rxd6 Rxd6 20. Rd1 Rxd1+
21. Qxd1 Ncd7 22. Qd6 Qf4 23. Qc7 h6 24. Ne2 Qf6 25. Qxb7 Bc4 26. Nc1 Qf4 27. Nb3 Bxb3 28. Bxb3 Qc1+ 29. Kh2 Qf4+ 30. Kh1 Qxe4
31. Qxa7 c5 32. a4 c4 33. a5 Nd5 34. Bxc4 Qxc4 35. Qxd7 Nf4 36. Qe8+ Kh7 37. Nh4 Qf1+ 38. Kh2 Qxf2 39. Qxe5 Qxh4 40. Qf5+ Ng6
41. Qxf7 Qf4+ 42. Qxf4 Nxf4 43. Kg3 Nd5 44. Kf3 Kg6 45. Ke2 Kf5 46. a6 Ke4 47. a7 Nb6 48. Kd2 Kd4 49. Ke2 Ke4 50. Kd2=
1/2-1/2

[Event "Blitz Chess"]
[Site "SchemingMind.com"]
[Date "2009.02.07"]
[Round "-"]
[White "schakert"]
[Black "Brendan Joseph Birt"]
[Result "1-0"]
[WhiteCountry "NED"]
[BlackCountry "USA"]
[WhiteElo "1721"]
[WhiteRD "60"]
[BlackElo "1843"]
[BlackRD "82"]
[GameID "191110"]

1. e4 c5 2. d4 cxd4 3. Nf3 g6 4. Nxd4 Nc6 5. Nc3 Bg7 6. Be3 Nf6 7. Be2 O-O 8. O-O d6 9. Qd2 Re8 10. f4 Bg4
11. h3 Bxe2 12. Qxe2 Nh5 13. Qf2 Nxd4 14. Bxd4 Bxd4 15. Qxd4 a6 16. Nd5 e6 17. Nb6 e5 18. fxe5 dxe5 19. Qf2 Rf8 20. Nxa8 Qxa8
21. c4 Nf4 22. Qf3 Qa7+ 23. Kh2 Qd4 24. g3 Qxb2+ 25. Kh1 Ne6 26. Qf2 Qxf2 27. Rxf2 Ng5 28. Rb1 Nxe4 29. Rfb2 Nxg3+ 30. Kg2 Nf5
31. Rxb7 Ne3+ 32. Kf3 Nxc4 33. Rc1 Nd6 34. Rd7 Nf5 35. Ke4 Re8 36. Rcc7 Nh6 37. Re7 Rxe7 38. Rxe7 f6 39. Ra7 Nf7 40. Rxa6 Kg7
41. Ra7 f5+ 42. Kf3 Kf6 43. a4 Ng5+ 44. Kg2 h5 45. a5 Ne4 46. Rc7 Nd6 47. Rc6 Ke7 48. a6 Nb5 49. Rb6 Na7 50. Rb7+ Kd6
51. Rxa7 e4 52. Rg7
1-0

[Event "Blitz Chess"]
[Site "SchemingMind.com"]
[Date "2009.02.09"]
[Round "-"]
[White "startstek"]
[Black "schakert"]
[Result "1-0"]
[WhiteCountry "ALG"]
[BlackCountry "NED"]
[WhiteElo "1919"]
[WhiteRD "83"]
[BlackElo "1721"]
[BlackRD "60"]
[GameID "191111"]

1. e4 e5 2. Nf3 Nc6 3. Bc4 Nf6 4. Ng5 d5 5. exd5 Na5 6. Bb5+ c6 7. dxc6 bxc6 8. Be2 h6 9. Nf3 e4 10. Ne5 Qc7
11. d4 Bd6 12. Bd2 Bxe5 13. dxe5 Qxe5 14. Bc3 Qg5 15. Qd6 Bd7 16. O-O Rd8 17. Bb4 Ng4 18. Qc7 Ne3 19. fxe3 Qxe3+ 20. Rf2 Qc1+
21. Bf1 Nc4 22. Qf4
1-0

[Event "Blitz Chess"]
[Site "SchemingMind.com"]
[Date "2009.02.09"]
[Round "-"]
[White "Brendan Joseph Birt"]
[Black "schakert"]
[Result "1-0"]
[WhiteCountry "USA"]
[BlackCountry "NED"]
[WhiteElo "1843"]
[WhiteRD "82"]
[BlackElo "1721"]
[BlackRD "60"]
[GameID "191112"]

1. e4 c5 2. Nf3 Nc6 3. d4 cxd4 4. Nxd4 d6 5. Nc3 a6 6. Be3 e5 7. Nf3 Nf6 8. a4 Be6 9. Be2 Be7 10. O-O O-O
11. h3 d5 12. exd5 Nxd5 13. Nxd5 Bxd5 14. Qd2 e4 15. Nd4 Ne5 16. Nf5 Bf6 17. Bc5 Be6 18. Nd6 b6 19. Ba3 Qd7 20. Nxe4 Qxd2
21. Nxd2 Rfd8 22. Ne4 Nd7 23. Nxf6+ Nxf6 24. Rad1 Nd5 25. Bf3 Rac8 26. c3 Nf4 27. Bb7 Rb8 28. Bxa6 Bd5 29. f3 Ne6 30. Rfe1 Bb3
31. Rxd8+ Rxd8 32. Bb5 g6 33. Kf2 f5 34. c4 Nf4 35. Re8+ Rxe8 36. Bxe8 Bxc4 37. Bb5 Bb3 38. h4 h6 39. g3 Nd5 40. Bc6 Kf7
41. Bd6 Ke6 42. Bf8 Ne7 43. Bxe7 Kxe7 44. f4 Kf6 45. Ke3 g5 46. Kd4 gxh4 47. gxh4 Kg6 48. Be8+ Kf6 49. Kc3 Bg8 50. Kb4 Ke7
51. Bh5 Kd6 52. Kb5 Bb3 53. Bg6 Bc2 54. Kxb6 Bxa4 55. Bxf5
1-0

[Event "Blitz Chess"]
[Site "SchemingMind.com"]
[Date "2009.02.09"]
[Round "-"]
[White "cludi"]
[Black "startstek"]
[Result "1-0"]
[WhiteCountry "DEN"]
[BlackCountry "ALG"]
[WhiteElo "2164"]
[WhiteRD "115"]
[BlackElo "1919"]
[BlackRD "83"]
[GameID "191522"]

1. e4 c5 2. Nf3 d6 3. d4 cxd4 4. Nxd4 Nf6 5. Nc3 a6 6. Be3 e5 7. Nb3 Be6 8. f3 Be7 9. Qd2 Nbd7 10. g4 O-O
11. O-O-O b5 12. Rg1 b4 13. Nd5 Bxd5 14. g5 Bxb3 15. gxf6 Nxf6 16. Bh6 Ne8 17. cxb3 Kh8 18. Be3 a5 19. Bb5 Nc7 20. Bc4 Qb8
21. Qg2 Ne8 22. Kb1 a4 23. bxa4 Bf6 24. Qg4 Rxa4 25. Qd7 Ra8 26. Bxf7 Ra6 27. Bc4 Ra8 28. Bb3 Qd8 29. Qg4 Qe7 30. Rg3 g6
31. Rh3 Rg8 32. Rg1 Nc7 33. Rh6 Nb5 34. h4 Bg7 35. Rxh7+ Kxh7 36. Qxg6+ Kh8 37. Qh5+ Bh6 38. Qxh6+ Qh7 39. Qf6+ Rg7 40. Bh6 Rg8
41. Bxg8
1-0

[Event "Blitz Chess"]
[Site "SchemingMind.com"]
[Date "2009.02.09"]
[Round "-"]
[White "cludi"]
[Black "Brendan Joseph Birt"]
[Result "1-0"]
[WhiteCountry "DEN"]
[BlackCountry "USA"]
[WhiteElo "2036"]
[WhiteRD "161"]
[BlackElo "1885"]
[BlackRD "90"]
[GameID "191523"]

1. e4 c5 2. Nf3 g6 3. d4 cxd4 4. Nxd4 Nc6 5. c4 Nf6 6. Nc3 d6 7. Be2 Nxd4 8. Qxd4 Bg7 9. Be3 O-O 10. Qd2 Be6
11. O-O Qa5 12. f3 Rfc8 13. b3 a6 14. Rab1 Ng4 15. Bd4 Bxd4+ 16. Qxd4 Ne5 17. Qe3 b5 18. f4 Ng4 19. Bxg4 Bxg4 20. Nd5 Re8
21. f5 bxc4 22. f6 e5 23. Qh6 Qc5+ 24. Kh1
1-0

[Event "Blitz Chess"]
[Site "SchemingMind.com"]
[Date "2009.02.09"]
[Round "-"]
[White "cludi"]
[Black "schakert"]
[Result "1-0"]
[WhiteCountry "DEN"]
[BlackCountry "NED"]
[WhiteElo "2036"]
[WhiteRD "161"]
[BlackElo "1705"]
[BlackRD "60"]
[GameID "191524"]

1. e4 e5 2. Nf3 Nc6 3. Bb5 a6 4. Ba4 Nf6 5. O-O b5 6. Bb3 Be7 7. Re1 d6 8. c3 Bg4 9. d3 h6 10. Nbd2 O-O
11. Nf1 Re8 12. Ne3 Bxf3 13. Qxf3 Na5 14. Bc2 c5 15. Nf5 Bf8 16. Be3 Kh7 17. g4 g6 18. g5 gxf5 19. Qxf5+ Kh8 20. gxf6 Re6
21. Kh1 Rxf6 22. Qh5 Rg6 23. Rg1 Qf6 24. Raf1 Be7 25. Rxg6 fxg6 26. Qxh6+ Kg8 27. Rg1 Kf7 28. Qh7+ Qg7 29. Qxg7+ Kxg7 30. Bd1 Rg8
31. Bg4 Nc6 32. Bd7 Nb8 33. Be6
1-0

[Event "Blitz Chess"]
[Site "SchemingMind.com"]
[Date "2009.02.09"]
[Round "-"]
[White "startstek"]
[Black "cludi"]
[Result "0-1"]
[WhiteCountry "ALG"]
[BlackCountry "DEN"]
[WhiteElo "1919"]
[WhiteRD "83"]
[BlackElo "2164"]
[BlackRD "115"]
[GameID "191525"]

1. d4 Nf6 2. c4 g6 3. Nc3 d5 4. cxd5 Nxd5 5. e4 Nxc3 6. bxc3 Bg7 7. Nf3 c5 8. Rb1 O-O 9. Be2 Nc6 10. d5 Ne5
11. Nxe5 Bxe5 12. Qd2 Qa5 13. Rb3 e6 14. f4 Bg7 15. d6 Bd7 16. Ra3 Qd8 17. c4 Bc6 18. Bf3 Bd4 19. e5 Bxf3 20. Rxf3 f6
21. Rhf1 fxe5 22. fxe5 Rxf3 23. Rxf3 Bxe5 24. Rd3 Qh4+ 25. g3 Qxc4 26. d7 Rd8 27. Qg5 Bc7 28. Rd1 Qe4+ 29. Be3 Ba5+ 30. Ke2 Rf8
0-1

[Event "Blitz Chess"]
[Site "SchemingMind.com"]
[Date "2009.02.09"]
[Round "-"]
[White "Brendan Joseph Birt"]
[Black "cludi"]
[Result "0-1"]
[WhiteCountry "USA"]
[BlackCountry "DEN"]
[WhiteElo "1843"]
[WhiteRD "82"]
[BlackElo "2164"]
[BlackRD "115"]
[GameID "191526"]

1. e4 c5 2. Nf3 d6 3. d4 cxd4 4. Nxd4 Nf6 5. Nc3 a6 6. Be3 Ng4 7. Bg5 h6 8. Bh4 g5 9. Bg3 Bg7 10. h3 Ne5
11. f3 Nbc6 12. Bf2 O-O 13. Qd2 b5 14. Nxc6 Nxc6 15. O-O-O Qa5 16. Kb1 Bxc3 17. Qxc3 Qxc3 18. bxc3 Be6 19. h4 f6 20. hxg5 hxg5
21. Bd3 Ne5 22. Rh2 Kf7 23. Rh7+ Ke8 24. Rdh1 Kd7 25. Rg7 Rh8 26. Rhh7 Rxh7 27. Rxh7 Bc4 28. Bxc4 Nxc4 29. Bd4 Ke6 30. Kc1 Re8
31. Kd1 d5 32. Ke2 Kd6 33. Bf2 dxe4 34. fxe4 Ke5 35. Bc5 Kxe4 36. Bxe7 Kf4 37. Kd1 f5 38. Bc5 Kg3 39. Ra7 Kxg2 40. Rxa6 Kf1
41. Rf6 Re1#
0-1

[Event "Blitz Chess"]
[Site "SchemingMind.com"]
[Date "2009.02.09"]
[Round "-"]
[White "schakert"]
[Black "cludi"]
[Result "0-1"]
[WhiteCountry "NED"]
[BlackCountry "DEN"]
[WhiteElo "1705"]
[WhiteRD "60"]
[BlackElo "2036"]
[BlackRD "161"]
[GameID "191527"]

1. e4 c5 2. d4 cxd4 3. Nf3 d6 4. Nxd4 Nf6 5. Nc3 a6 6. Bc4 b5 7. Bb3 e6 8. Bg5 Be7 9. Qd3 Qc7 10. O-O Nbd7
11. Rad1 Nc5 12. Qe2 O-O 13. f4 h6 14. Bxf6 Bxf6 15. Qf3 Bb7 16. f5 b4 17. fxe6 Nxb3
0-1

[Event "Blitz Chess"]
[Site "SchemingMind.com"]
[Date "2009.02.12"]
[Round "-"]
[White "thewallstreetpirate"]
[Black "Brendan Joseph Birt"]
[Result "0-1"]
[WhiteCountry "USA"]
[BlackCountry "USA"]
[WhiteElo "1201"]
[WhiteRD "95"]
[BlackElo "1843"]
[BlackRD "82"]
[GameID "192081"]

1. Nc3 c5 2. Nf3 g6 3. e4 Bg7 4. d3 d6 5. Bf4 Nc6 6. Qe2 Bg4 7. h3 Nd4 8. Qd2 Bxf3 9. gxf3 Nxf3+ 10. Ke2 Nxd2
11. Kxd2 Nf6 12. Re1 O-O 13. Nb5 Qa5+ 14. Nc3 Nh5 15. Bg5 Bf6 16. Rg1 b5 17. a3 b4 18. Bxf6 Nxf6 19. Bg2 bxc3+ 20. bxc3 Rab8
21. e5 Nh5 22. Bd5 Nf4
0-1

[Event "Blitz Chess"]
[Site "SchemingMind.com"]
[Date "2009.02.12"]
[Round "-"]
[White "thewallstreetpirate"]
[Black "schakert"]
[Result "0-1"]
[WhiteCountry "USA"]
[BlackCountry "NED"]
[WhiteElo "1201"]
[WhiteRD "95"]
[BlackElo "1721"]
[BlackRD "60"]
[GameID "192082"]

1. e4 c5 2. Bc4 Nc6 3. Nc3 e6 4. Nf3 Na5 5. Qe2 b6 6. d4 d6 7. e5 d5 8. Bb5+ Bd7 9. dxc5 bxc5 10. O-O c4
11. Be3 a6 12. Ba4 Bb4 13. a3 Bxc3 14. bxc3 Bxa4 15. Bg5 Qd7 16. Rab1 Ne7 17. Nd4 Nac6 18. Nxc6 Bxc6 19. Bxe7 Qxe7 20. Rb6 Qc7
21. Qe3 O-O 22. Rfb1 Rab8 23. Rxb8 Rxb8 24. Rxb8+ Qxb8 25. h4 h6 26. g4 Qb1+ 27. Kh2 Ba4 28. g5 Bxc2 29. Qa7 Be4 30. h5 Qh1+
31. Kg3 Qf3+ 32. Kh4 hxg5+
0-1

[Event "Blitz Chess"]
[Site "SchemingMind.com"]
[Date "2009.02.12"]
[Round "-"]
[White "thewallstreetpirate"]
[Black "cludi"]
[Result "0-1"]
[WhiteCountry "USA"]
[BlackCountry "DEN"]
[WhiteElo "1201"]
[WhiteRD "95"]
[BlackElo "2164"]
[BlackRD "115"]
[GameID "192083"]

1. e4 c5 2. Bc4 e6 3. Nc3 Nc6 4. Nf3 a6 5. d3 b5 6. Bb3 Qc7 7. O-O Be7 8. a4 b4 9. Ne2 Nf6 10. Bg5 O-O
11. Bf4 d6 12. Qd2 Rd8 13. Rac1 Bb7 14. c4 Rac8 15. Ng3 Ng4 16. h3 Nge5 17. h4 Nxf3+ 18. gxf3 Nd4 19. Qd1 Bxh4 20. Be3 Bxg3
21. fxg3 d5 22. cxd5 Nxb3 23. Qxb3 Qxg3+ 24. Kh1 exd5 25. Rf2 d4
0-1

[Event "Blitz Chess"]
[Site "SchemingMind.com"]
[Date "2009.02.12"]
[Round "-"]
[White "schakert"]
[Black "thewallstreetpirate"]
[Result "1-0"]
[WhiteCountry "NED"]
[BlackCountry "USA"]
[WhiteElo "1705"]
[WhiteRD "60"]
[BlackElo "1185"]
[BlackRD "97"]
[GameID "192086"]

1. e4 Nf6 2. e5 Nd5 3. d4 d6 4. c4 Nb6 5. Bf4 dxe5 6. Bxe5 f6 7. Bg3 Nc6 8. Nc3 Bf5 9. Bd3 g6 10. Nf3 Nxd4
11. Nxd4 Qxd4 12. Bxf5 Qxd1+ 13. Rxd1 gxf5 14. Nb5 Rc8 15. b3 e5 16. Nxa7 Bb4+ 17. Kf1 f4 18. Nxc8 Nxc8 19. Bh4 e4 20. Bxf6 e3
21. Rd8+ Kf7 22. Rxh8 Kxf6 23. Rxc8 f3 24. gxf3 e2+ 25. Kxe2
1-0

[Event "Blitz Chess"]
[Site "SchemingMind.com"]
[Date "2009.02.12"]
[Round "-"]
[White "cludi"]
[Black "thewallstreetpirate"]
[Result "1-0"]
[WhiteCountry "DEN"]
[BlackCountry "USA"]
[WhiteElo "2036"]
[WhiteRD "161"]
[BlackElo "1185"]
[BlackRD "97"]
[GameID "192087"]

1. e4 Nf6 2. e5 Nd5 3. d4 d6 4. c4 Nb6 5. exd6 Qxd6 6. c5 Qc6 7. cxb6 Qxb6 8. Nf3 Qe6+ 9. Be2 Nc6 10. O-O b6
11. d5 Qd6 12. dxc6 Qxc6 13. Nc3 Qg6 14. Ne5 Qe6 15. Bb5+ c6 16. Bxc6+ Bd7 17. Bxd7+ Qxd7 18. Qxd7#
1-0

[Event "Blitz Chess"]
[Site "SchemingMind.com"]
[Date "2009.02.17"]
[Round "-"]
[White "Heidi"]
[Black "startstek"]
[Result "0-1"]
[WhiteCountry "USA"]
[BlackCountry "ALG"]
[WhiteElo "943"]
[WhiteRD "65"]
[BlackElo "1919"]
[BlackRD "83"]
[GameID "192107"]

1. e4 e5 2. Nf3 Nc6 3. Bc4 Nf6 4. O-O Nxe4 5. Re1 d5 6. Bb5 Bc5 7. d3 Nxf2 8. Qe2 Nxd3+ 9. Be3 Bxe3+ 10. Kf1 Nxe1
11. Qxe1 d4 12. h3 O-O 13. Qd1 Qf6 14. Na3 a6 15. Qe1 axb5 16. Nxb5 Bxh3 17. Ke2 Bxg2 18. Nxc7 Qxf3+
0-1

[Event "Blitz Chess"]
[Site "SchemingMind.com"]
[Date "2009.02.12"]
[Round "-"]
[White "Heidi"]
[Black "Brendan Joseph Birt"]
[Result "0-1"]
[WhiteCountry "USA"]
[BlackCountry "USA"]
[WhiteElo "946"]
[WhiteRD "62"]
[BlackElo "1885"]
[BlackRD "90"]
[GameID "192108"]

1. e4 c5 2. Nf3 g6 3. d4 cxd4 4. Nxd4 Nc6 5. c4 Nf6 6. Nc3 d6 7. Be2 Nxd4 8. Qxd4 Bg7 9. Bg5 O-O 10. Qd2 Be6
11. O-O Qa5
0-1

[Event "Blitz Chess"]
[Site "SchemingMind.com"]
[Date "2009.02.12"]
[Round "-"]
[White "Heidi"]
[Black "schakert"]
[Result "0-1"]
[WhiteCountry "USA"]
[BlackCountry "NED"]
[WhiteElo "946"]
[WhiteRD "62"]
[BlackElo "1705"]
[BlackRD "60"]
[GameID "192109"]

1. e4 e5 2. Nf3 Nc6 3. Bc4 Nf6 4. Nc3 d6 5. O-O Bg4 6. h3 Bxf3 7. Qxf3 Nd4 8. Re1 Nxf3+ 9. gxf3 Be7 10. f4 exf4
11. Nd5 Nxd5 12. exd5 O-O
0-1

[Event "Blitz Chess"]
[Site "SchemingMind.com"]
[Date "2009.02.12"]
[Round "-"]
[White "Heidi"]
[Black "thewallstreetpirate"]
[Result "0-1"]
[WhiteCountry "USA"]
[BlackCountry "USA"]
[WhiteElo "946"]
[WhiteRD "62"]
[BlackElo "1185"]
[BlackRD "97"]
[GameID "192110"]

1. e4 Nf6 2. Nf3 Nxe4 3. Bd3 d5 4. Bb5+ c6 5. Bd3 e5 6. Nxe5 Qf6 7. f4 Qxf4 8. Nf3 Bg4 9. Nc3 Bb4 10. Nxe4 dxe4
11. Bxe4 Qxe4+ 12. Qe2 Bxf3 13. gxf3 Qe6 14. a3 Bd6 15. d3 O-O 16. f4 Re8 17. Rg1 Qxe2#
0-1

[Event "Blitz Chess"]
[Site "SchemingMind.com"]
[Date "2009.02.12"]
[Round "-"]
[White "Heidi"]
[Black "cludi"]
[Result "0-1"]
[WhiteCountry "USA"]
[BlackCountry "DEN"]
[WhiteElo "946"]
[WhiteRD "62"]
[BlackElo "2036"]
[BlackRD "161"]
[GameID "192111"]

1. e4 c5 2. Nf3 d6 3. d4 cxd4 4. Nxd4 Nf6 5. Nc3 a6 6. Bg5 e6 7. f4 Qc7 8. Qf3 b5 9. O-O-O b4 10. Na4 Be7
11. Bxf6 Bxf6 12. e5 Bb7 13. exf6 Bxf3 14. Nxf3 gxf6 15. Nc3 bxc3 16. bxc3 Qxc3 17. Rxd6 Qa3+ 18. Kd2 Qxd6+ 19. Ke3 Nc6 20. Nd2 Rd8
21. Bxa6 Nb4 22. Bb5+ Ke7 23. Nc4 Qc5+ 24. Ke4 Qf2 25. Ne3 f5+ 26. Ke5 Qxe3#
0-1

[Event "Blitz Chess"]
[Site "SchemingMind.com"]
[Date "2009.02.17"]
[Round "-"]
[White "startstek"]
[Black "Heidi"]
[Result "1-0"]
[WhiteCountry "ALG"]
[BlackCountry "USA"]
[WhiteElo "1919"]
[WhiteRD "83"]
[BlackElo "943"]
[BlackRD "65"]
[GameID "192112"]

1. e4 e5 2. Nf3 Nc6 3. Bc4 Bb4 4. c3 Ba5 5. d4 exd4 6. Nxd4 Ne5 7. Bb3 Nf6 8. O-O d5 9. exd5 Nxd5 10. Re1 O-O
11. Rxe5 c6 12. Nd2 Bc7 13. Re1 h6 14. N2f3 Bxh2+ 15. Nxh2 Qh4 16. Ndf3 Qh5 17. Bc2 Rd8 18. Qe2 Bd7 19. Be3 Re8 20. Qd3 Bg4
21. Qh7+ Kf8 22. Bc5+ Re7 23. Qh8#
1-0

[Event "Blitz Chess"]
[Site "SchemingMind.com"]
[Date "2009.02.12"]
[Round "-"]
[White "Brendan Joseph Birt"]
[Black "Heidi"]
[Result "1-0"]
[WhiteCountry "USA"]
[BlackCountry "USA"]
[WhiteElo "1885"]
[WhiteRD "90"]
[BlackElo "946"]
[BlackRD "62"]
[GameID "192113"]

1. e4 e5 2. Nf3 Nc6 3. d4 exd4 4. Nxd4 Bc5 5. Nxc6 Qf6 6. Qf3 Qxc6 7. Nc3 Ne7 8. Bf4 d5 9. Bb5 Bg4 10. Qxg4 f5
11. exf5 O-O-O 12. Bxc6
1-0

[Event "Blitz Chess"]
[Site "SchemingMind.com"]
[Date "2009.02.12"]
[Round "-"]
[White "schakert"]
[Black "Heidi"]
[Result "1-0"]
[WhiteCountry "NED"]
[BlackCountry "USA"]
[WhiteElo "1705"]
[WhiteRD "60"]
[BlackElo "946"]
[BlackRD "62"]
[GameID "192114"]

1. d4 d5 2. c4 dxc4 3. Nf3 Nf6 4. g3 e6 5. Bg2 Bb4+ 6. Bd2 Nc6 7. O-O Ne7 8. Bxb4 Nh5 9. Bxe7 Qxe7 10. Qa4+ c6
11. Qxc4 O-O 12. Nc3 Rd8 13. e4
1-0

[Event "Blitz Chess"]
[Site "SchemingMind.com"]
[Date "2009.02.12"]
[Round "-"]
[White "thewallstreetpirate"]
[Black "Heidi"]
[Result "1-0"]
[WhiteCountry "USA"]
[BlackCountry "USA"]
[WhiteElo "1185"]
[WhiteRD "97"]
[BlackElo "946"]
[BlackRD "62"]
[GameID "192115"]

1. e4 e5 2. Bc4 Bc5 3. Qf3 Nf6 4. Nh3 Nc6 5. Ng5 d5 6. exd5 Bg4 7. Qxg4 Nxg4 8. dxc6 bxc6 9. Nxf7 Qg5 10. Nxg5 Rf8
11. Nxh7 Rh8 12. f3 Nh6 13. d4 exd4 14. O-O Rxh7 15. Re1+ Kd8 16. Bg5+ Kc8 17. Re8+ Kd7 18. Rxa8 d3+ 19. Kf1 Bb4 20. Bxd3 Nf7
21. Bxh7 Nxg5 22. Bf5+ Kd6= 23. Na3 g6 24. Rd1+ Kc5 25. c3 Ba5 26. Rxa7
1-0

[Event "Blitz Chess"]
[Site "SchemingMind.com"]
[Date "2009.02.12"]
[Round "-"]
[White "cludi"]
[Black "Heidi"]
[Result "1-0"]
[WhiteCountry "DEN"]
[BlackCountry "USA"]
[WhiteElo "2036"]
[WhiteRD "161"]
[BlackElo "946"]
[BlackRD "62"]
[GameID "192116"]

1. e4 e5 2. f4 exf4 3. Nf3 g5 4. h4 g4 5. Ne5 Nf6 6. Nxg4 Nxe4 7. Nc3 Ng3 8. Nd5 c6 9. Ngf6+ Qxf6 10. Nxf6+ Kd8
11. Rh3 b5 12. d4 Bb4+ 13. c3 Be7 14. Bxf4 Nf5 15. Qd3 d6 16. Ne4 Na6 17. g4 Nh6 18. Bxh6 Bxg4 19. Rg3 Bf5 20. Bh3 Bxh3
21. Rxh3 Rg8 22. Kf2 c5 23. dxc5 d5 24. Qxd5+ Kc7 25. Bf4+ Kc8 26. Qxa8+ Kd7 27. Rd3+ Ke6 28. Qd5#
1-0

[Event "Blitz Chess"]
[Site "SchemingMind.com"]
[Date "2009.02.17"]
[Round "-"]
[White "Zugzwang"]
[Black "startstek"]
[Result "0-1"]
[WhiteCountry "CAN"]
[BlackCountry "ALG"]
[WhiteElo "1433"]
[WhiteRD "59"]
[BlackElo "1919"]
[BlackRD "83"]
[GameID "192205"]

1. d4 Nf6 2. Nf3 e6 3. e3 d5 4. Bd3 c6 5. Nbd2 Be7 6. O-O O-O 7. Re1 Nbd7 8. c3 Qc7 9. e4 dxe4 10. Nxe4 c5
11. Nxf6+ Bxf6 12. Ng5 g6 13. Nxh7 Kxh7 14. Qh5+ Kg8 15. Qh3 Bg7 16. Re4 Nf6 17. Rh4 e5 18. Qf3 cxd4 19. Bh6 dxc3 20. Bxg7 Kxg7
21. Re1 cxb2 22. Bb1 Be6 23. Qe3 Rh8 24. Rb4 e4 25. Rxb2 Qxh2+ 26. Kf1 Bg4 27. f3 exf3
0-1

[Event "Blitz Chess"]
[Site "SchemingMind.com"]
[Date "2009.02.13"]
[Round "-"]
[White "Zugzwang"]
[Black "Brendan Joseph Birt"]
[Result "0-1"]
[WhiteCountry "CAN"]
[BlackCountry "USA"]
[WhiteElo "1433"]
[WhiteRD "59"]
[BlackElo "1843"]
[BlackRD "82"]
[GameID "192206"]

1. d4 Nf6 2. Nf3 g6 3. e3 d5 4. b3 Bg7 5. Bb2 O-O 6. Be2 Nbd7 7. O-O Ne4 8. c4 c6 9. Nc3 Ndf6 10. Nxe4 Nxe4
11. Rc1 h6 12. cxd5 cxd5 13. Qc2 Bd7 14. h3 Qb6 15. Qd3 Rac8 16. Rxc8 Rxc8 17. Rc1 Rxc1+ 18. Bxc1 a6 19. a4 Qc7 20. Ba3 Bf6
21. b4 Bxa4 22. g4 Qc3 23. Qxc3 Nxc3 24. Bd3 Bb5 25. Bxb5 Nxb5 26. Kg2 Nxa3 27. h4 Nc2 28. g5 hxg5 29. Nxg5 Bxg5 30. hxg5 Nxb4
31. Kf3 a5 32. Ke2 a4 33. Kd2 a3 34. Kc1 b5 35. Kb1 f6 36. gxf6 exf6 37. Ka1 Nd3 38. Ka2 b4 39. f3 Nc1+
0-1

[Event "Blitz Chess"]
[Site "SchemingMind.com"]
[Date "2009.02.14"]
[Round "-"]
[White "Zugzwang"]
[Black "schakert"]
[Result "0-1"]
[WhiteCountry "CAN"]
[BlackCountry "NED"]
[WhiteElo "1437"]
[WhiteRD "56"]
[BlackElo "1705"]
[BlackRD "60"]
[GameID "192207"]

1. d4 d5 2. Nf3 Nf6 3. e3 e6 4. Bd3 c5 5. c3 Bd7 6. Nbd2 Nc6 7. O-O Bd6 8. Re1 O-O 9. Qe2 c4 10. Bc2 e5
11. e4 exd4 12. e5 d3 13. Qe3 Ng4 14. Qf4 Ncxe5 15. Bd1 Re8 16. Ng5 Nf3+ 17. gxf3 Rxe1+
0-1

[Event "Blitz Chess"]
[Site "SchemingMind.com"]
[Date "2009.02.13"]
[Round "-"]
[White "Zugzwang"]
[Black "thewallstreetpirate"]
[Result "1-0"]
[WhiteCountry "CAN"]
[BlackCountry "USA"]
[WhiteElo "1437"]
[WhiteRD "56"]
[BlackElo "1185"]
[BlackRD "97"]
[GameID "192208"]

1. d4 c6 2. e4 d5 3. Nc3 Nf6 4. e5 Ne4 5. Nxe4 dxe4 6. c4 b5 7. cxb5 Qa5+ 8. Bd2 Qb6 9. a4 Qxd4 10. bxc6 Nxc6
11. Bc3 Qc5 12. Bb5 a6 13. Bxc6+ Qxc6 14. Ne2 e6 15. O-O Bc5 16. Qd2 a5 17. Rad1 Ba6 18. b4 axb4 19. Bxb4 Bxe2 20. Qxe2 Qxa4
21. Bxc5 Rc8 22. Qd2 Rxc5 23. Qd8#
1-0

[Event "Blitz Chess"]
[Site "SchemingMind.com"]
[Date "2009.02.12"]
[Round "-"]
[White "Zugzwang"]
[Black "Heidi"]
[Result "1-0"]
[WhiteCountry "CAN"]
[BlackCountry "USA"]
[WhiteElo "1437"]
[WhiteRD "56"]
[BlackElo "946"]
[BlackRD "62"]
[GameID "192209"]

1. d4 Nf6 2. Nf3 d5 3. e3 e6 4. Bd3 Bd6 5. O-O Nc6 6. Nbd2 a6 7. Re1 Bd7 8. Qe2 Qe7 9. c3 h6 10. e4 O-O
11. e5 Bxe5 12. dxe5
1-0